000 01110nam a2200313 a 4500
001 5367
003 BD-RjUL
005 20211208234044.0
008 131226t19731943nju 001 0 eng u
020 _a0691018537 (pbk.)
020 _a0691069077 (hbk)
035 _aoxf98405079
_a(BD-RjUL)5403
040 _aBRB
_dEQO
_beng
_cBD-RjUL
041 _aeng
082 0 4 _218
_a355.43
_bEAM 1973
090 _aU39
_b.E2 1971
100 1 _aEarle, Edward Mead,
_d1894-1954.
_916870
245 1 0 _aMakers of modern strategy :
_bmilitary thought from Machiavelli to Hitler /
_cedited by Edward Mead Earl with the collaboration of Gordon A. Craig and Felix Gilbert.
260 _aPrinceton :
_bPrinceton University Press,
_cc1971 [Printing 1973].
300 _axi, 553 p. ;
_c24 cm.
504 _a"Bibliographical notes": p. [521]-547.
650 0 _aMilitary art and science
_xHistory.
_916871
650 0 _aMilitary history.
_916872
650 0 _aStrategy.
_916873
650 0 _aWar.
_916874
700 1 _aCraig, Gordon Alexander,
_d1913-2005.
_916875
700 1 _aGilbert, Felix,
_d1905-1991
_916876
942 _2ddc
_cBK
999 _c5367
_d5367